01448nam a2200397 a 4500001001200000003000800012006001900020007001500039008004100054010001700095020001800112020001800130020001500148040002100163035002100184050002300205100001800228245012300246246003400369246002800403260004600431300002500477504005400502533015200556650003000708650002000738650002700758650002200785650001900807650001800826655002900844700001500873710001700888856012600905999001901031ebr10298252CaPaEBRm u cr cn|||||||||091001s2008 caua sb 000 0 eng d z 2008904129 z9781569751824 z9781569756782 z1569756783 aCaPaEBRcCaPaEBR a(OCoLC)55188908414aCB161b.K33 2008eb1 aKaa, Sri Ram.10a2012 awakeningh[electronic resource] :bchoosing spiritual enlightenment over armageddon /cSri Ram Kaa and Kira Raa.3 aTwo thousand twelve awakening3 aTwenty-twelve awakening aBerkeley, Calif. :bUlysses Press,c2008. axiii, 241 p. :bill. aIncludes bibliographical references (p. 234-241). aElectronic reproduction.bPalo Alto, Calif. :cebrary,d2013.nAvailable via World Wide Web.nAccess may be limited to ebrary affiliated libraries. 0aTwo thousand twelve, A.D. 0aMaya cosmology. 0aProphecies (Occultism) 0aEnd of the world. 0aEnlightenment. 0aSpiritualism. 7aElectronic books.2local1 aRaa, Kira.2 aebrary, Inc.40uhttp://site.ebrary.com/lib/rucke/Doc?id=10298252zAn electronic book accessible through the World Wide Web; click to view c178130d178130